000 00566nam a2200205 i 4500
001 149525
003 ES-MaACL
005 20250911062656.0
007 t|
008 071023s1956 sp ||||1| spa d
100 1 _aVázquez Azpiri, Héctor.
_9113395
245 1 0 _aVíbora /
_cHéctor Vázquez Azpiri.
250 _a[1ª ed.].
260 _aBarcelona :
_bDestino,
_c[1956]
300 _a238 p. ;
_c19 cm.
490 1 _aAncora y delfín ;
_v126
830 0 0 _aÁncora y Delfín
_v126
_9151298
852 _aES-MaACL
_jC-11445
_bR.39368
999 _c149525
_d149525